000 00560nam a2200229Ia 4500
003 OSt
005 20220926044020.0
006 a|||||r|||| 00| 0
007 ta
008 220923b |||||||| |||| 00| 0 eng d
037 _cGeneral Book
040 _aRTL
_cRTL
_beng
041 _2eng
_aeng
082 _aY1:1.B, K3
100 _aBrownjohn J
_9348438
245 0 _aSilent Past
260 _c1963
300 _a347p
_ccm.
650 _aCulture and Civilisation
942 _hY1:1.B, K3
_cGB
_2CC
999 _c673753
_d673753